El rǧimen jurd̕ico de los residuos de envases

Detalles Bibliográficos
Autor principal: Serrano Lozano, Rubň
Formato: Desconocido
Lenguaje:español
Publicado: Madrid : Dykinson, 2007
Materias:
Acceso en línea:Acceso restringido

MARC

LEADER 00000ny a22000003n 4500
005 20110603144814.0
008 080609s2007 sp s 000 0 spa
020 |a 849849057X 
035 |a 2224 
040 |a UMA.RE  |d vLex 
080 |a 349.6(460):628.4(0.034) 
080 |a 628.4:349.6(460)(0.034) 
090 |c 452  |d 452 
100 1 |a Serrano Lozano, Rubň 
245 1 3 |a El rǧimen jurd̕ico de los residuos de envases  |h [Recurso electrn̤ico]  |c Rubň Serrano Lozano 
256 |a Servicio en ln̕ea 
260 |a Madrid :  |b Dykinson,  |c 2007 
506 1 |a Contenido solo disponible en los productos indicados  |d vLex Global  |d vLex Global (Academic Edition, excluding Law Schools)  |d vLex Global (U.S. Academic Edition, Law Schools)  |d vLex Global (U.S. Academic Edition, excluding Law Schools)  |d vLex Global (Academic Edition, Law Schools) 
650 0 7 |a Ambiental  |2 Tesauro vLex 
650 0 7 |a Residuos  |2 Tesauro vLex 
650 0 7 |a Derecho medioambiental  |2 Tesauro vLex 
650 0 7 |a Medio ambiente  |2 Tesauro vLex 
740 0 |a vLex Libros (Servicios en ln̕ea) 
856 4 0 |u http://vlex.com/source/2224  |z Acceso restringido 
942 |c BOOK 
999 0 |a Environmental law  |b Madrid